000
00228nam a2200097Ia 4500
008
230508s9999 xx 000 0 und d
041
_a
eng
100
_a
SIGH & CHANDAR
245
_a
CIVIL ENGINEERING DRAWING
260
_b
STANDERD
999
_c
313748
_d
313748